FNAF 6 All Pizzeria Simulator Animatronics - Statistics

General Stats
  • This quiz has been taken 61 times
  • The average score is 12 of 20
Answer Stats
Answer % Correct
Lefty
89%
Rockstar Bonnie
89%
Rockstar Freddy
89%
Rockstar Foxy
87%
Mr. Hippo
79%
Happy Frog
77%
Scrapbaby
77%
Molten Freddy
74%
Nedd Bear
72%
Pig Patch
70%
Funtime Chica
66%
El Chip
60%
Music Man
51%
Security Puppet
43%
Candy Cadet
40%
Trash and the Gang
34%
Prize King
32%
Egg Baby
26%
Springtrap
26%
Orville Eliphant
2%
No matching quizzes found
Score Distribution
Percent of People with Each Score
Percentile by Number Answered
Your Score History
You have not taken this quiz